Mối quan hệ giữa người cao tuổi với các con trong gia đình đô thị /

সংরক্ষণ করুন:
গ্রন্থ-পঞ্জীর বিবরন
প্রধান লেখক: Nguyễn Thị Ngọc Hà.
অন্যান্য লেখক: Ngô Thị Châm.
বিন্যাস: প্রবন্ধ
ভাষা:Vietnamese
বিষয়গুলি:
ট্যাগগুলো: ট্যাগ যুক্ত করুন
কোনো ট্যাগ নেই, প্রথমজন হিসাবে ট্যাগ করুন!
Thư viện lưu trữ: Thư viện Trường Đại học Đà Lạt
LEADER 00877nam a2200289 4500
001 DLU210195842
005 ##20210315
040 # # |a DLU  |b vie 
041 # # |a vie 
044 # # |a vn 
100 # # |a Nguyễn Thị Ngọc Hà. 
245 # # |a Mối quan hệ giữa người cao tuổi với các con trong gia đình đô thị /  |c Nguyễn Thị Ngọc Hà, Ngô Thị Châm. 
653 # # |a Con cái 
653 # # |a Gia đình 
653 # # |a Người cao tuổi 
653 # # |a Người già 
700 # # |a Ngô Thị Châm. 
773 # # |t Nghiên cứu gia đình và giới  |g Số 1, 2018, tr. 52-60 
920 # # |a Phòng Tạp chí -- Trung tâm Thông tin - Thư viện Trường Đại học Đà Lạt 
994 # # |a DLU 
900 # # |a True 
911 # # |a Hoàng Thị Huyền 
925 # # |a G 
926 # # |a A 
927 # # |a BB 
980 # # |a Thư viện Trường Đại học Đà Lạt